000 00723nam a2200277Ia 4500
005 20260320195859.0
008 008 262003s9999 xx 000 0 hin d
020 _a9789389598711
037 _aEBOOK
040 _aCRL
040 _bhin
040 _cCRL
041 _2hin
041 _ahin
084 _qCRL
100 _aजीन शार्प, अनु. अनिल यादव 'जयहिन्द'
_91133424
245 0 _aतानाशाही से लोकशाही
250 _a2nd
260 _bRajkamal
260 _c2020
300 _a176
856 _uhttps://ebook.indiaread.in/pdfs/9789389598711.pdf
942 _cEBOOK
999 _c1716985
_d1716985